000 00596cam a2200217 4500
001 D15405
008 090401t1981 xxu||||| |||| 00| 0 eng d
035 _a(Sirsi) u22553
041 _aeng
050 _a692.5
110 _aRoyal Institution of Chartered Surveyors
_bScottish Branch
_9830
245 _aFormat for preliminaries in a bill of quantities for use in Scotland
250 _a6th
260 _bRICS
_c1981
300 _a35 leaves. 30cm
350 _a0
520 _aFiled in box RICS 1981/111 A
710 _aQuantity Surveyors` Division
942 _n0
948 _c04/03/1997
999 _c88206
_d88206